<?xml version="1.0" encoding="UTF-8"?>
<record
    xmlns:xsi="http://www.w3.org/2001/XMLSchema-instance"
    xsi:schemaLocation="http://www.loc.gov/MARC21/slim http://www.loc.gov/standards/marcxml/schema/MARC21slim.xsd"
    xmlns="http://www.loc.gov/MARC21/slim">

  <leader>01358nam a22003738a 4500</leader>
  <datafield tag="999" ind1=" " ind2=" ">
    <subfield code="c">4754</subfield>
    <subfield code="d">4754</subfield>
  </datafield>
  <controlfield tag="001">31607052</controlfield>
  <controlfield tag="003">OCoLC</controlfield>
  <controlfield tag="005">20181213125246.0</controlfield>
  <controlfield tag="008">941116s1995    tnu           001 0 eng  </controlfield>
  <datafield tag="010" ind1=" " ind2=" ">
    <subfield code="a">94044332</subfield>
  </datafield>
  <datafield tag="020" ind1=" " ind2=" ">
    <subfield code="a">0840720718 (CB)</subfield>
  </datafield>
  <datafield tag="035" ind1=" " ind2=" ">
    <subfield code="a">.b43325579</subfield>
  </datafield>
  <datafield tag="040" ind1=" " ind2=" ">
    <subfield code="a">DLC</subfield>
    <subfield code="c">DLC</subfield>
  </datafield>
  <datafield tag="049" ind1=" " ind2=" ">
    <subfield code="a">OSUU</subfield>
  </datafield>
  <datafield tag="050" ind1="0" ind2="0">
    <subfield code="a">BS440</subfield>
    <subfield code="b">.N347 1995</subfield>
  </datafield>
  <datafield tag="050" ind1="0" ind2="0">
    <subfield code="a">BS440</subfield>
    <subfield code="b">.N347 1995</subfield>
  </datafield>
  <datafield tag="082" ind1="0" ind2="0">
    <subfield code="a">REF 220.3</subfield>
    <subfield code="2">20</subfield>
    <subfield code="b">N424N</subfield>
  </datafield>
  <datafield tag="245" ind1="0" ind2="0">
    <subfield code="a">Nelson's new illustrated Bible dictionary /</subfield>
    <subfield code="c">general editor Ronald F. Youngblood ; general editor of original edition, Herbert Lockyer, Sr. ; consulting editors, F.F. Bruce &amp; R.K. Harrison</subfield>
  </datafield>
  <datafield tag="250" ind1=" " ind2=" ">
    <subfield code="a">Completely rev. updated ed</subfield>
  </datafield>
  <datafield tag="260" ind1=" " ind2=" ">
    <subfield code="a">Nashville :</subfield>
    <subfield code="b">T. Nelson,</subfield>
    <subfield code="c">1995</subfield>
  </datafield>
  <datafield tag="300" ind1=" " ind2=" ">
    <subfield code="a">314 p. :</subfield>
    <subfield code="b">ill. ;</subfield>
    <subfield code="c">25 cm</subfield>
  </datafield>
  <datafield tag="500" ind1=" " ind2=" ">
    <subfield code="a">Rev. ed. of: Nelson's illustrated Bible dictionary</subfield>
  </datafield>
  <datafield tag="500" ind1=" " ind2=" ">
    <subfield code="a">An authoritative one-volume reference work on the Bible, with full-color illustrations</subfield>
  </datafield>
  <datafield tag="500" ind1=" " ind2=" ">
    <subfield code="a">Edition statement from book jacket</subfield>
  </datafield>
  <datafield tag="500" ind1=" " ind2=" ">
    <subfield code="a">Includes index</subfield>
  </datafield>
  <datafield tag="630" ind1="0" ind2="0">
    <subfield code="a">Bible</subfield>
    <subfield code="x">Dictionaries</subfield>
  </datafield>
  <datafield tag="700" ind1="1" ind2=" ">
    <subfield code="a">Youngblood, Ronald F.</subfield>
    <subfield code="q">(Ronald Fred),</subfield>
    <subfield code="d">1931-2014</subfield>
  </datafield>
  <datafield tag="700" ind1="1" ind2=" ">
    <subfield code="a">Lockyer, Herbert</subfield>
  </datafield>
  <datafield tag="700" ind1="1" ind2=" ">
    <subfield code="a">Bruce, F. F.</subfield>
    <subfield code="q">(Frederick Fyvie),</subfield>
    <subfield code="d">1910-1990</subfield>
  </datafield>
  <datafield tag="710" ind1="2" ind2=" ">
    <subfield code="a">Thomas Nelson Publishers</subfield>
  </datafield>
  <datafield tag="730" ind1="0" ind2=" ">
    <subfield code="a">Nelson's illustrated Bible dictionary</subfield>
  </datafield>
  <datafield tag="740" ind1="0" ind2=" ">
    <subfield code="a">New illustrated Bible dictionary</subfield>
  </datafield>
  <datafield tag="942" ind1=" " ind2=" ">
    <subfield code="2">ddc</subfield>
    <subfield code="c">REF</subfield>
  </datafield>
  <datafield tag="952" ind1=" " ind2=" ">
    <subfield code="0">0</subfield>
    <subfield code="1">0</subfield>
    <subfield code="2">ddc</subfield>
    <subfield code="4">0</subfield>
    <subfield code="7">0</subfield>
    <subfield code="8">NFIC</subfield>
    <subfield code="a">HMC</subfield>
    <subfield code="b">HMC</subfield>
    <subfield code="c">GEN</subfield>
    <subfield code="d">2018-12-13</subfield>
    <subfield code="g">660.00</subfield>
    <subfield code="l">0</subfield>
    <subfield code="o">REF 220.3 N424N</subfield>
    <subfield code="p">005311</subfield>
    <subfield code="r">2018-12-13 00:00:00</subfield>
    <subfield code="w">2018-12-13</subfield>
    <subfield code="y">REF</subfield>
  </datafield>
</record>
